| 000 | 00613nam a22001937a 4500 | ||
|---|---|---|---|
| 999 |
_c19883 _d19883 |
||
| 003 | AR-CdUCM | ||
| 008 | 190222b ||||| |||| 00| 0 spa d | ||
| 040 |
_aMUNICIPALIDAD PROVINCIAL DEL CUSCO _cBIBLIOTECA MUNICIPAL DEL CUSCO |
||
| 082 |
_a868.31 / _bC18 |
||
| 100 |
_aCalderón de la Barca, Pedro _9647 |
||
| 245 |
_aEl alcalde de zalamea : _bLa vida es un sueño / |
||
| 260 |
_aBuenos Aires : _bEspasa- calpe, _c1948. |
||
| 300 |
_a229 páginas ; _c18 cm. |
||
| 440 |
_aColección Austral _n24 _941567 |
||
| 650 |
_aTeatro español _9648 |
||
| 650 |
_aEdad de Oro _9870 |
||
| 942 |
_2ddc _cLIBROS |
||
| 945 | _arcc | ||